Science Quiz

Random Science or Biology Quiz

The Big Board: Animals Quiz Stats

 Plays Quiz Updated May 29, 2018

Score 0/36 Timer 07:00
2 Plays Today
Hint Answer % Correct
Name any country with an extant population of these forest-dwelling creatures.
100%
Identify these reptiles whose bites may cause the listed symptoms.
99.8%
Identify each of these feline species from a picture of one on the move.
99.8%
Answer these trivia questions about insects and their anatomy.
99.8%
Name the kind of animal described by each adjective.
99.8%
Identify each animal from a close-up of its horns.
99.8%
India, Nepal, +5 more
90%
Black Rhinoceros
89.6%
Giraffe
89.1%
Cheetah
88.1%
American Bison
86.5%
Nile Crocodile
85.8%
Lion
83.8%
Horse
83.4%
Mountain Lion
82.8%
King Cobra
81.9%
Canada Lynx
75.9%
Panama, Brazil, +11 more.
73.2%
Hint Answer % Correct
Komodo Dragon
71.6%
Fish
71.2%
Pig
69.5%
Jackson's Chameleon
65.2%
Alligator Snapping Turtle
64.5%
Bear
62.4%
Japanese Rhinoceros Beetle
59.4%
Madagascar
57.9%
Fox
57.3%
Indonesia, Malaysia
52.3%
Leg
51.7%
Pupa
48.5%
DRC, Nigeria, +20 more.
47.5%
Abdomen
45.1%
Gila Monster
37.2%
Antenna
32.9%
Compound
23.2%
Serval
15.7%

You're not logged in!

Compare scores with friends on all Sporcle quizzes.
OR
Log In

Sporcle TV

Today on Sporcle TV


Watch our educational content, quiz creation guides, and fun videos on Sporcle TV.

Show Comments

Extras

Top Quizzes Today


Score Distribution

Your Account Isn't Verified!

In order to create a playlist on Sporcle, you need to verify the email address you used during registration. Go to your Sporcle Settings to finish the process.

Report this User

Report this user for behavior that violates our Community Guidelines.

Details: